[Event "Junior Online 4NCL Division 5"]
[Site "online"]
[Date "2020.05.21"]
[Round "6.95"]
[White "Bett, Joshua"]
[Black "Withnall, Harry"]
[Result "1/2-1/2"]
[WhiteElo "906"]
[BlackElo "597"]
[PlyCount "108"]
[EventDate "2020.05.21"]
[WhiteTeam "Friar Tucks"]
[BlackTeam "PSE Tigers"]

1. e4 e5 2. Nf3 Nc6 3. Bc4 Nf6 4. Nc3 Bc5 5. O-O d6 6. d3 Bg4 7. h3 Bh5 8. g4
Bg6 9. Ng5 O-O 10. Kg2 h6 11. Nf3 Nd4 12. Nd2 d5 13. exd5 Bb4 14. a3 Bxc3 15.
bxc3 Nxc2 16. Qxc2 e4 17. dxe4 Nxe4 18. Nxe4 Qe8 19. Re1 Qe7 20. g5 hxg5 21.
Qd2 Bxe4+ 22. Kg1 Rae8 23. Qe3 f5 24. Ra2 c6 25. Rae2 cxd5 26. Bxd5+ Bxd5 27.
Qe5 Qxe5 28. Rxe5 Rxe5 29. Rxe5 Bf7 30. Rxf5 g6 31. Rxg5 b6 32. Be3 Rc8 33. Rd5
Bxd5 34. Bh6 Rxc3 35. Bd2 Rxa3 36. Bb4 Rxh3 37. Bd2 Rd3 38. Bb4 a5 39. Bd6 a4
40. Be5 a3 41. Kh2 a2 42. Kg1 Rd1+ 43. Kh2 a1=Q 44. Bxa1 Rxa1 45. f4 b5 46. Kg3
b4 47. Kg4 b3 48. Kg5 Bf7 49. Kf6 b2 50. f5 gxf5 51. Kxf5 b1=Q+ 52. Kg4 Qf1 53.
Kg5 Ra2 54. Kh6 Rg2 1/2-1/2

[Event "Junior Online 4NCL Division 5"]
[Site "online"]
[Date "2020.05.21"]
[Round "6.96"]
[White "Pearn, Alex"]
[Black "Liu, Lucy"]
[Result "1-0"]
[WhiteElo "593"]
[BlackElo "887"]
[PlyCount "85"]
[EventDate "2020.05.21"]
[WhiteTeam "PSE Tigers"]
[BlackTeam "Friar Tucks"]

1. d4 Nc6 2. d5 Nb4 3. e4 e5 4. Nf3 d6 5. c3 Na6 6. Bxa6 bxa6 7. c4 Nf6 8. Nc3
c5 9. O-O Be7 10. Bg5 O-O 11. g3 h6 12. Bxf6 Bxf6 13. Qb1 Bh3 14. Re1 Bg5 15.
Nxg5 hxg5 16. b4 cxb4 17. Qxb4 a5 18. Qa4 Rb8 19. Rab1 Rxb1 20. Rxb1 g4 21. Nb5
a6 22. Nc3 Re8 23. Qc2 f5 24. exf5 Qg5 25. Ne4 Qxf5 26. Rc1 Rf8 27. Qe2 a4 28.
a3 Qh5 29. c5 dxc5 30. d6 a5 31. d7 Rd8 32. Nxc5 Qg5 33. Qc4+ Kh8 34. Rd1 Qf5
35. Ne6 Rxd7 36. Rxd7 Qf3 37. Qc8+ Qf8 38. Qxf8+ Kh7 39. Rxg7+ Kh6 40. Rg8+ Kh5
41. Rh8+ Kg6 42. Nf4+ Kg5 43. Rh5# 1-0

[Event "Junior Online 4NCL Division 5"]
[Site "online"]
[Date "2020.05.21"]
[Round "6.97"]
[White "Tumurugoti, Vaed"]
[Black "Blythe, Harry"]
[Result "1-0"]
[WhiteElo "865"]
[BlackElo "433"]
[PlyCount "49"]
[EventDate "2020.05.21"]
[WhiteTeam "Friar Tucks"]
[BlackTeam "PSE Tigers"]

1. e4 Nf6 2. Nc3 Nc6 3. Nf3 e6 4. d4 d5 5. Bd3 dxe4 6. Nxe4 Nxe4 7. Bxe4 Ne7 8.
Ne5 f6 9. Nf3 e5 10. c3 Bg4 11. Qa4+ Kf7 12. dxe5 fxe5 13. Nxe5+ Kf6 14. Nxg4+
Kf7 15. O-O Rg8 16. Rd1 g5 17. Rxd8 Rxd8 18. Qc4+ Kg7 19. Bxg5 Nd5 20. Qd4+ Kf7
21. Bxd8 Rxg4 22. Qxd5+ Kg7 23. Re1 Kh8 24. Bf6+ Bg7 25. Qd8# 1-0

[Event "Junior Online 4NCL Division 5"]
[Site "online"]
[Date "2020.05.21"]
[Round "6.99"]
[White "Withnall, Harry"]
[Black "Bett, Joshua"]
[Result "0-1"]
[WhiteElo "597"]
[BlackElo "906"]
[PlyCount "22"]
[EventDate "2020.05.21"]
[WhiteTeam "PSE Tigers"]
[BlackTeam "Friar Tucks"]

1. e4 e5 2. Nf3 Nc6 3. Nc3 Nf6 4. Bc4 Bc5 5. d3 d6 6. O-O O-O 7. Bg5 h6 8. Bxf6
Qxf6 9. Bb5 Qg6 10. Bxc6 Bh3 11. Re1 Qxg2# 0-1

[Event "Junior Online 4NCL Division 5"]
[Site "online"]
[Date "2020.05.21"]
[Round "6.100"]
[White "Liu, Lucy"]
[Black "Pearn, Alex"]
[Result "1-0"]
[WhiteElo "887"]
[BlackElo "593"]
[PlyCount "37"]
[EventDate "2020.05.21"]
[WhiteTeam "Friar Tucks"]
[BlackTeam "PSE Tigers"]

1. e4 e5 2. Nf3 Nc6 3. Bc4 Na5 4. Bb3 Nxb3 5. cxb3 d6 6. d4 exd4 7. Nxd4 Nf6 8.
Nc3 Bg4 9. f3 Be6 10. Bg5 d5 11. Nxe6 Qe7 12. e5 Qxe6 13. Bxf6 gxf6 14. O-O
Qxe5 15. Re1 Qxe1+ 16. Qxe1+ Kd8 17. Nxd5 Bc5+ 18. Kf1 c6 19. Nxf6 1-0

[Event "Junior Online 4NCL Division 5"]
[Site "online"]
[Date "2020.05.21"]
[Round "6.101"]
[White "Blythe, Harry"]
[Black "Tumurugoti, Vaed"]
[Result "0-1"]
[WhiteElo "433"]
[BlackElo "865"]
[PlyCount "84"]
[EventDate "2020.05.21"]
[WhiteTeam "PSE Tigers"]
[BlackTeam "Friar Tucks"]

1. d4 d5 2. Nc3 Nf6 3. e4 c6 4. exd5 cxd5 5. Bb5+ Nc6 6. Ba4 Bd7 7. Nce2 Rc8 8.
Bd2 Bf5 9. Bc3 Nd7 10. Qd2 b5 11. Ba5 Nxa5 12. Bxb5 Rxc2 13. Qb4 Nc6 14. Qa4
Nxd4 15. Bxd7+ Qxd7 16. Qxd7+ Kxd7 17. Nxd4 Be4 18. Nxc2 Bxc2 19. Rc1 Be4 20.
Ke2 Bxg2 21. Nf3 Bxh1 22. Rg1 Rg8 23. Rxh1 g5 24. Rb1 Bg7 25. b3 g4 26. b4
gxf3+ 27. Kxf3 Rb8 28. a3 Bd4 29. a4 a5 30. b5 e5 31. Ke2 e4 32. Rb3 Bc5 33.
Kd2 d4 34. Kc2 d3+ 35. Kc3 Bxf2 36. Kc4 Rc8+ 37. Kd5 d2 38. Rb1 Be3 39. Ke5 Rc1
40. Rxc1 dxc1=Q 41. b6 Qb1 42. b7 Qxb7 0-1

[Event "Junior Online 4NCL Division 5"]
[Site "online"]
[Date "2020.05.21"]
[Round "6.105"]
[White "Edwards, Benjy"]
[Black "Tang, Kei Hon"]
[Result "0-1"]
[WhiteElo "1037"]
[BlackElo "775"]
[PlyCount "42"]
[EventDate "2020.05.21"]
[WhiteTeam "Surrey Kings 2"]
[BlackTeam "Uxbridge Juniors B2"]

1. e4 Nf6 2. Nc3 e5 3. Nf3 Nc6 4. Bc4 Bc5 5. d3 Na5 6. O-O Nxc4 7. dxc4 a5 8.
Nxe5 Qe7 9. Bf4 d6 10. Nd5 Nxd5 11. Qxd5 dxe5 12. Bxe5 c6 13. Qxc5 Qxc5 14.
Bxg7 Rg8 15. Bf6 b5 16. cxb5 Qxb5 17. b3 Ba6 18. c4 Qh5 19. Rfd1 Rg6 20. Rd6
Qg4 21. f3 Qxg2# 0-1

[Event "Junior Online 4NCL Division 5"]
[Site "online"]
[Date "2020.05.21"]
[Round "6.107"]
[White "Ambrose, Daniel"]
[Black "Watson, Lewis"]
[Result "0-1"]
[WhiteElo "925"]
[BlackElo "737"]
[PlyCount "34"]
[EventDate "2020.05.21"]
[WhiteTeam "Surrey Kings 2"]
[BlackTeam "Uxbridge Juniors B2"]

1. Nh3 d5 2. c3 Nc6 3. Qb3 Nf6 4. d3 Bg4 5. Qxb7 e5 6. Qxc6+ Qd7 7. Qxa8+ Qd8
8. Qxa7 Ne4 9. Qa4+ Ke7 10. dxe4 dxe4 11. Qxe4 h5 12. Qxe5+ Be6 13. Bg5+ f6 14.
Bxf6+ gxf6 15. Qc5+ Qd6 16. Qa7 Bh6 17. Na3 Qd2# 0-1

[Event "Junior Online 4NCL Division 5"]
[Site "online"]
[Date "2020.05.21"]
[Round "6.108"]
[White "Sander, Daniel"]
[Black "Fairrie, Ralph"]
[Result "1-0"]
[WhiteElo "737"]
[BlackElo "1000"]
[PlyCount "73"]
[EventDate "2020.05.21"]
[WhiteTeam "Uxbridge Juniors B2"]
[BlackTeam "Surrey Kings 2"]

1. e4 e5 2. Nf3 Nf6 3. Nxe5 Nxe4 4. Bc4 f5 5. d3 Ng5 6. Bxg5 Qxg5 7. Nf3 Qh5 8.
O-O Qf7 9. Bxf7+ Kxf7 10. Ne5+ Kf6 11. Nf3 d6 12. Nc3 Kf7 13. h3 g6 14. Re1 g5
15. Nxg5+ Kg6 16. Nf3 Bh6 17. Nd5 c5 18. Ne7+ Kf7 19. Nxc8 Rxc8 20. Nh4 f4 21.
Nf5 Bf8 22. Qf3 Rc6 23. Qxf4 d5 24. c4 Bd6 25. Nxd6+ Kg8 26. Ne8 Nd7 27. cxd5
Rg6 28. Qe4 Nf6 29. Qe7 Rg7 30. Nxg7 Rf8 31. Re6 Nxd5 32. Qd7 Nb6 33. Qxb7 Rf7
34. Qb8+ Kxg7 35. Qe5+ Rf6 36. Qxf6+ Kg8 37. Re8# 1-0

[Event "Junior Online 4NCL Division 5"]
[Site "online"]
[Date "2020.05.21"]
[Round "6.109"]
[White "Tang, Kei Hon"]
[Black "Edwards, Benjy"]
[Result "0-1"]
[WhiteElo "775"]
[BlackElo "1037"]
[PlyCount "46"]
[EventDate "2020.05.21"]
[WhiteTeam "Uxbridge Juniors B2"]
[BlackTeam "Surrey Kings 2"]

1. Nf3 e6 2. e4 d5 3. e5 f6 4. exf6 gxf6 5. Nc3 Bb4 6. a3 Bxc3 7. bxc3 Nc6 8.
Rb1 Nge7 9. d3 O-O 10. c4 dxc4 11. dxc4 Re8 12. c3 e5 13. Qc2 Bf5 14. Bd3 Bxd3
15. Qa2 Bxb1 16. Qxb1 e4 17. Nd4 Nxd4 18. cxd4 Qxd4 19. Qxb7 Red8 20. O-O Qxc4
21. Bf4 Qc2 22. Bxc7 Rd1 23. Qxa8+ Kg7 0-1

[Event "Junior Online 4NCL Division 5"]
[Site "online"]
[Date "2020.05.21"]
[Round "6.111"]
[White "Watson, Lewis"]
[Black "Ambrose, Daniel"]
[Result "1-0"]
[WhiteElo "737"]
[BlackElo "925"]
[PlyCount "143"]
[EventDate "2020.05.21"]
[WhiteTeam "Uxbridge Juniors B2"]
[BlackTeam "Surrey Kings 2"]

1. e4 Nf6 2. f3 Ng4 3. fxg4 h6 4. Qf3 e6 5. Nc3 f5 6. gxf5 exf5 7. exf5 Qe7+ 8.
Qe4 Nc6 9. Qxe7+ Kxe7 10. Nf3 Kd8 11. Ne4 b6 12. d4 Bb4+ 13. c3 Bd6 14. Nxd6
cxd6 15. Bf4 Re8+ 16. Be2 Re4 17. g3 Kc7 18. O-O-O Rxe2 19. Ne5 Nxe5 20. dxe5
Ba6 21. exd6+ Kd8 22. Rhe1 Re8 23. Rxe8+ Kxe8 24. Re1+ Kf8 25. g4 Re8 26. Rxe8+
Kxe8 27. g5 hxg5 28. Bxg5 Bc4 29. b3 Bd3 30. Kd2 Bxf5 31. b4 Be6 32. c4 Bxc4
33. Kc3 Bxa2 34. Kb2 Be6 35. Be7 Kf7 36. h4 a5 37. bxa5 bxa5 38. h5 g5 39. Bxg5
Kg7 40. h6+ Kh7 41. Ka3 Bg8 42. Ka4 Kh8 43. Bf6+ Kh7 44. Bg5 Kh8 45. Kxa5 Bc4
46. Bf6+ Kh7 47. Bg5 Kg6 48. Bf4 Be6 49. Kb6 Bc4 50. Kc7 Bb5 51. Kd8 Kf5 52.
Be3 Kg4 53. h7 Kf3 54. h8=Q Kxe3 55. Kc7 Ke4 56. Kb6 Kd5 57. Kxb5 Kxd6 58. Qd4+
Ke6 59. Qc5 d6 60. Qd4 d5 61. Qd1 d4 62. Qxd4 Kf5 63. Qe3 Kg4 64. Qf2 Kg5 65.
Qf3 Kh6 66. Qg4 Kh7 67. Qg5 Kh8 68. Kc6 Kh7 69. Kd6 Kh8 70. Ke6 Kh7 71. Kf6 Kh8
72. Qg7# 1-0

[Event "Junior Online 4NCL Division 5"]
[Site "online"]
[Date "2020.05.21"]
[Round "6.112"]
[White "Fairrie, Ralph"]
[Black "Sander, Daniel"]
[Result "0-1"]
[WhiteElo "1000"]
[BlackElo "737"]
[PlyCount "116"]
[EventDate "2020.05.21"]
[WhiteTeam "Surrey Kings 2"]
[BlackTeam "Uxbridge Juniors B2"]

1. e3 e5 2. Bc4 Nc6 3. Qh5 g6 4. Qxe5+ Nxe5 5. Bxf7+ Nxf7 6. Nf3 Bb4 7. a4 Qe7
8. c3 Ba5 9. O-O Nf6 10. Na3 O-O 11. Nd4 d6 12. Nb1 Bf5 13. Na3 Bg4 14. Nc4 Bb6
15. Na3 Bxd4 16. exd4 Be2 17. Re1 Ne8 18. Nc4 Rd8 19. Ne5 dxe5 20. dxe5 Qxe5
21. b3 Ned6 22. Ba3 Rfe8 23. Ra2 Qe4 24. d3 Qd5 25. c4 Qxd3 26. Bc5 Qxb3 27.
Rea1 Qxc4 28. Ba3 Bf3 29. gxf3 Re6 30. Bc1 Re1+ 31. Kg2 Rxc1 32. Rxc1 Qxc1 33.
a5 Qb1 34. Re2 Nc4 35. f4 Nxa5 36. h3 Nc6 37. Kg3 Nd4 38. Re4 Nf5+ 39. Kg4
N5h6+ 40. Kf3 Nf5 41. Re6 Nd4+ 42. Kg4 Nxe6 43. Kf3 Nd4+ 44. Ke3 Nc2+ 45. Kf3
Ne1+ 46. Ke3 Qb4 47. Ke2 Rd5 48. Ke3 Rc5 49. Ke2 Ng2 50. Kf3 Nxf4 51. Kg3 Ne2+
52. Kf3 Rc2 53. Ke3 Nf4 54. Kf3 Nxh3 55. Ke3 Rc3+ 56. Ke2 Nxf2 57. Kxf2 Qb2+
58. Kf1 Rc1# 0-1

[Event "Junior Online 4NCL Division 5"]
[Site "online"]
[Date "2020.05.21"]
[Round "6.116"]
[White "Kuryan, Elizabeth"]
[Black "Mansouri, Lily"]
[Result "1-0"]
[WhiteElo "1277"]
[BlackElo "346"]
[PlyCount "29"]
[EventDate "2020.05.21"]
[WhiteTeam "Muswell Hill Rookies A"]
[BlackTeam "PSE Jaguars"]

1. e4 Nc6 2. d4 Nf6 3. e5 Ng4 4. Qxg4 d6 5. Qe4 e6 6. Bb5 Bd7 7. Nf3 a6 8. Bd3
Nb4 9. Nc3 a5 10. a3 Nc6 11. O-O Be7 12. Bf4 Ra6 13. Bxa6 O-O 14. Bd3 h6 15.
Qh7# 1-0

[Event "Junior Online 4NCL Division 5"]
[Site "online"]
[Date "2020.05.21"]
[Round "6.117"]
[White "Howell, Lloyd"]
[Black "Szanyi, Tristan"]
[Result "0-1"]
[WhiteElo "426"]
[BlackElo "1240"]
[PlyCount "78"]
[EventDate "2020.05.21"]
[WhiteTeam "PSE Jaguars"]
[BlackTeam "Muswell Hill Rookies A"]

1. e4 e5 2. Bc4 Bc5 3. Qf3 Nf6 4. Qd1 O-O 5. Nf3 Nxe4 6. O-O Nc6 7. d4 exd4 8.
Ng5 d5 9. Qh5 Nxg5 10. Qxg5 Qxg5 11. Bxg5 dxc4 12. Nd2 c3 13. bxc3 dxc3 14. Ne4
Be7 15. Bxe7 Nxe7 16. Nxc3 Re8 17. Ne4 Ng6 18. Rfe1 Bf5 19. Rad1 Rxe4 20. Re2
Rxe2 21. f3 Rae8 22. Rf1 Bxc2 23. Rf2 Re1+ 24. Rf1 Rxf1+ 25. Kxf1 f5 26. Kf2
Kf7 27. Kg3 Kf6 28. Kh3 Nf4+ 29. Kh4 g5+ 30. Kg3 Nh5+ 31. Kh3 f4 32. g3 Bf5+
33. Kg2 fxg3 34. a4 Re2+ 35. Kf1 gxh2 36. Kxe2 h1=Q 37. f4 Qe4+ 38. Kd2 Qd3+
39. Kc1 Qc2# 0-1

[Event "Junior Online 4NCL Division 5"]
[Site "online"]
[Date "2020.05.21"]
[Round "6.118"]
[White "Goswami, Pratyush"]
[Black "Jacques, Benji"]
[Result "1-0"]
[WhiteElo "1075"]
[BlackElo "346"]
[PlyCount "55"]
[EventDate "2020.05.21"]
[WhiteTeam "Muswell Hill Rookies A"]
[BlackTeam "PSE Jaguars"]

1. d4 d5 2. c4 dxc4 3. e4 Nf6 4. e5 Nd5 5. Bxc4 c6 6. Nc3 Na6 7. Nf3 Bf5 8.
Nxd5 b5 9. Ne3 bxc4 10. Nxf5 e6 11. Ne3 Rb8 12. Qa4 Qd7 13. Qxa6 h5 14. Qxc4
Rc8 15. O-O Rh6 16. Nc2 Ke7 17. Bxh6 gxh6 18. Rfe1 Rb8 19. b3 f6 20. exf6+ Kxf6
21. Re4 Bd6 22. Rae1 Kg7 23. Qxe6 Rf8 24. Qxd7+ Rf7 25. Qxd6 a5 26. Re7 Rxe7
27. Rxe7+ Kh8 28. Qd8# 1-0

[Event "Junior Online 4NCL Division 5"]
[Site "online"]
[Date "2020.05.21"]
[Round "6.119"]
[White "Bhattacharya, Cali"]
[Black "Thomas, Poppy"]
[Result "1-0"]
[WhiteElo "1375"]
[BlackElo "415"]
[PlyCount "49"]
[EventDate "2020.05.21"]
[WhiteTeam "Muswell Hill Rookies A"]
[BlackTeam "PSE Jaguars"]

1. e4 e5 2. Nf3 f6 3. Bc4 Bb4 4. c3 Bc5 5. d4 exd4 6. cxd4 Bd6 7. Nc3 Nh6 8.
O-O c6 9. Bxh6 gxh6 10. Re1 Rf8 11. e5 fxe5 12. Nxe5 Bxe5 13. Rxe5+ Qe7 14.
Rxe7+ Kxe7 15. Qe2+ Kd8 16. Re1 Na6 17. Bxa6 bxa6 18. Qe7+ Kc7 19. Qxf8 a5 20.
Ne4 Ba6 21. Qxa8 Bc4 22. Qxa7+ Kd8 23. Qxa5+ Ke7 24. Nd2+ Kd6 25. Nxc4# 1-0

[Event "Junior Online 4NCL Division 5"]
[Site "online"]
[Date "2020.05.21"]
[Round "6.120"]
[White "Mansouri, Lily"]
[Black "Kuryan, Elizabeth"]
[Result "0-1"]
[WhiteElo "346"]
[BlackElo "1277"]
[PlyCount "40"]
[EventDate "2020.05.21"]
[WhiteTeam "PSE Jaguars"]
[BlackTeam "Muswell Hill Rookies A"]

1. Nf3 d5 2. Nc3 Nf6 3. d4 e6 4. e4 dxe4 5. Ne5 Be7 6. Qe2 O-O 7. f3 exf3 8.
gxf3 Qxd4 9. Be3 Qxe5 10. Bh3 a6 11. O-O Qh5 12. Bg4 Nxg4 13. fxg4 Qh3 14. Bd4
b5 15. Rf3 Qxg4+ 16. Rg3 Qxd4+ 17. Kf1 Bd6 18. Qg4 Bxg3 19. Qxg7+ Kxg7 20. Ne2
Qf2# 0-1

[Event "Junior Online 4NCL Division 5"]
[Site "online"]
[Date "2020.05.21"]
[Round "6.121"]
[White "Szanyi, Tristan"]
[Black "Howell, Lloyd"]
[Result "1-0"]
[WhiteElo "1240"]
[BlackElo "426"]
[PlyCount "91"]
[EventDate "2020.05.21"]
[WhiteTeam "Muswell Hill Rookies A"]
[BlackTeam "PSE Jaguars"]

1. d4 d6 2. e4 e5 3. dxe5 dxe5 4. Qxd8+ Kxd8 5. Nf3 Bb4+ 6. Nc3 Nd7 7. Be2 Ngf6
8. O-O b5 9. Bxb5 Bb7 10. Bxd7 Kxd7 11. Nxe5+ Kd6 12. Nxf7+ Ke7 13. Nxh8 Bd6
14. Re1 Nxe4 15. Nxe4 Bxe4 16. Rxe4+ Kd7 17. Bf4 Rxh8 18. Bxd6 Kxd6 19. Rd1+
Kc6 20. Rc4+ Kb6 21. Rb4+ Kc6 22. Rd3 Re8 23. Rc3+ Kd5 24. Re3 Rd8 25. Rd3+ Kc5
26. Rxd8 Kxb4 27. Rd7 Kc5 28. Rxc7+ Kd6 29. Rxa7 Kc6 30. Rxg7 Kd6 31. Rxh7 Ke6
32. Kf1 Kf6 33. Ke2 Kg6 34. Rh4 Kg5 35. g3 Kf5 36. Ke3 Ke5 37. Rh5+ Kd6 38. Ke4
Kc6 39. Kd4 Kd6 40. Rh6+ Kc7 41. Kd5 Kd7 42. Rh7+ Kc8 43. Kd6 Kb8 44. Kc6 Ka8
45. Kb6 Kb8 46. Rh8# 1-0

[Event "Junior Online 4NCL Division 5"]
[Site "online"]
[Date "2020.05.21"]
[Round "6.122"]
[White "Jacques, Benji"]
[Black "Goswami, Pratyush"]
[Result "0-1"]
[WhiteElo "346"]
[BlackElo "1075"]
[PlyCount "62"]
[EventDate "2020.05.21"]
[WhiteTeam "PSE Jaguars"]
[BlackTeam "Muswell Hill Rookies A"]

1. d4 Nf6 2. Nc3 g6 3. Nf3 Bg7 4. e3 O-O 5. Be2 d5 6. O-O Nc6 7. a4 Bg4 8. h4
a6 9. Ra3 Rb8 10. b4 Nxb4 11. Rb3 Nc6 12. e4 dxe4 13. Bc4 exf3 14. gxf3 Bh3 15.
Kh2 Bxf1 16. Qxf1 Qxd4 17. Ne4 Nxe4 18. fxe4 Qxe4 19. f3 Qxh4+ 20. Qh3 Qxc4 21.
Re3 e6 22. Re2 Qxe2+ 23. Qg2 Qxg2+ 24. Kxg2 f5 25. Ba3 Rfd8 26. Be7 Nxe7 27.
Kg1 Rd2 28. c3 Rbd8 29. c4 R8d3 30. f4 Ra3 31. c5 Ra1# 0-1

[Event "Junior Online 4NCL Division 5"]
[Site "online"]
[Date "2020.05.21"]
[Round "6.125"]
[White "Lee, Damin"]
[Black "Bevan, Andrei"]
[Result "0-1"]
[WhiteElo "1150"]
[BlackElo "1352"]
[PlyCount "44"]
[EventDate "2020.05.21"]
[WhiteTeam "Surrey Kings 1"]
[BlackTeam "Muswell Hill Rookies B"]

1. e4 c5 2. Nc3 Nc6 3. Nf3 Nf6 4. Bc4 e6 5. d3 Be7 6. Be3 d5 7. exd5 exd5 8.
Nxd5 Nxd5 9. Bxd5 Qxd5 10. O-O Bg4 11. h3 Bxf3 12. gxf3 O-O 13. c4 Qe6 14. Kh1
Qxh3+ 15. Kg1 Bd6 16. f4 Nd4 17. Bxd4 cxd4 18. f3 Bxf4 19. Kf2 Qg3+ 20. Ke2
Qg2+ 21. Ke1 Rfe8+ 22. Qe2 Qxe2# 0-1

[Event "Junior Online 4NCL Division 5"]
[Site "online"]
[Date "2020.05.21"]
[Round "6.126"]
[White "Burnton, Joshua"]
[Black "Flanders, William"]
[Result "1-0"]
[WhiteElo "1315"]
[BlackElo "1112"]
[PlyCount "103"]
[EventDate "2020.05.21"]
[WhiteTeam "Muswell Hill Rookies B"]
[BlackTeam "Surrey Kings 1"]

1. e4 e5 2. Nf3 Bc5 3. Nxe5 Nh6 4. d4 Bb6 5. Bxh6 gxh6 6. Qh5 Rf8 7. Bc4 Qe7 8.
c3 d6 9. Nxf7 c6 10. Nxd6+ Kd8 11. Nxc8 Kxc8 12. O-O Qxe4 13. Qxh6 Nd7 14. Be6
Rd8 15. Bxd7+ Rxd7 16. Na3 c5 17. Nc4 Qe7 18. Nxb6+ axb6 19. Rfe1 Qg7 20. Qxg7
Rxg7 21. Re8+ Kc7 22. Rxa8 cxd4 23. cxd4 Rd7 24. Rc1+ Kd6 25. Rf8 b5 26. Rf5 b4
27. Rf6+ Ke7 28. Rb6 Rxd4 29. Rxb7+ Rd7 30. Rxd7+ Kxd7 31. Kf1 Ke6 32. Ke2 Kf5
33. Kf3 Kg5 34. Rc6 h6 35. g4 h5 36. gxh5 Kxh5 37. Ke4 b3 38. Rb6 bxa2 39. Ra6
a1=Q 40. Rxa1 Kh4 41. Kf4 Kh3 42. Kf3 Kxh2 43. Ra6 Kg1 44. Kg3 Kf1 45. b4 Ke2
46. b5 Ke1 47. b6 Ke2 48. b7 Ke1 49. b8=Q Kf1 50. Qb3 Ke2 51. Ra2+ Kf1 52. Qb1#
1-0

[Event "Junior Online 4NCL Division 5"]
[Site "online"]
[Date "2020.05.21"]
[Round "6.127"]
[White "Edwards, Zachary"]
[Black "Toth, Nandor"]
[Result "0-1"]
[WhiteElo "1075"]
[BlackElo "1210"]
[PlyCount "70"]
[EventDate "2020.05.21"]
[WhiteTeam "Surrey Kings 1"]
[BlackTeam "Muswell Hill Rookies B"]

1. d4 d5 2. e3 Nc6 3. Bb5 Bd7 4. Bxc6 Bxc6 5. Qh5 Nf6 6. Bd2 Nxh5 7. Nc3 e6 8.
O-O-O Bb4 9. Nh3 Bxc3 10. Bxc3 O-O 11. Nf4 Nxf4 12. exf4 Qd6 13. a3 Qxf4+ 14.
Bd2 Qxf2 15. Rdf1 Qxg2 16. Rfg1 Qh3 17. Rg3 Qh5 18. Bb4 Rfd8 19. Be1 Re8 20.
Bd2 g6 21. Rg5 Qh4 22. Rgg1 e5 23. Be1 Qg5+ 24. Bd2 Qf6 25. Rf1 Qd8 26. Re1
exd4 27. c3 dxc3 28. bxc3 d4 29. cxd4 Bxh1 30. Rxh1 Qxd4 31. Rd1 Qc4+ 32. Kb1
Re2 33. Re1 Qd3+ 34. Kc1 Qxd2+ 35. Kb1 Qb2# 0-1

[Event "Junior Online 4NCL Division 5"]
[Site "online"]
[Date "2020.05.21"]
[Round "6.128"]
[White "Vera, Louis"]
[Black "Gardner, Oliver"]
[Result "1-0"]
[WhiteElo "1112"]
[BlackElo "1075"]
[PlyCount "65"]
[EventDate "2020.05.21"]
[WhiteTeam "Muswell Hill Rookies B"]
[BlackTeam "Surrey Kings 1"]

1. d4 e6 2. e4 Bb4+ 3. c3 Be7 4. Nf3 Bf8 5. Be3 Nc6 6. d5 Na5 7. b4 Nc4 8. Bxc4
Nh6 9. dxe6 fxe6 10. Bxh6 gxh6 11. Qd4 c5 12. Qxh8 Qe7 13. O-O b5 14. Bxb5 a6
15. Bc4 d5 16. exd5 exd5 17. Re1 dxc4 18. Rxe7+ Kxe7 19. Qxh7+ Ke8 20. Nbd2 Bd7
21. Re1+ Kd8 22. Nxc4 Be7 23. Qxe7+ Kc7 24. Rd1 Rg8 25. Rxd7+ Kc6 26. Qe6+ Kb5
27. Qxg8 Ka4 28. bxc5 Kb5 29. Qd5 Ka4 30. Ra7 Kb5 31. Na3+ Ka5 32. Qd8+ Ka4 33.
Rxa6# 1-0

[Event "Junior Online 4NCL Division 5"]
[Site "online"]
[Date "2020.05.21"]
[Round "6.129"]
[White "Bevan, Andrei"]
[Black "Lee, Damin"]
[Result "1-0"]
[WhiteElo "1352"]
[BlackElo "1150"]
[PlyCount "59"]
[EventDate "2020.05.21"]
[WhiteTeam "Muswell Hill Rookies B"]
[BlackTeam "Surrey Kings 1"]

1. Nf3 Nf6 2. g3 d6 3. d4 Nc6 4. Bg2 e5 5. dxe5 dxe5 6. Qxd8+ Kxd8 7. O-O Nb4
8. Nxe5 Be6 9. Na3 Nbd5 10. c4 Bxa3 11. bxa3 Nb6 12. Bxb7 Rb8 13. Nc6+ Kd7 14.
Nxb8+ Kd8 15. Nc6+ Kd7 16. Rd1+ Nfd5 17. cxd5 Nxd5 18. Ne5+ Kd6 19. Bf4 Re8 20.
Nxf7+ Ke7 21. Bxd5 Bxd5 22. Rxd5 Kxf7 23. Rad1 Rxe2 24. Rd7+ Ke6 25. R7d2 Re4
26. Rd3 Ra4 27. Re1+ Kf5 28. Re5+ Kg4 29. f3+ Kh3 30. Rh5# 1-0

[Event "Junior Online 4NCL Division 5"]
[Site "online"]
[Date "2020.05.21"]
[Round "6.131"]
[White "Toth, Nandor"]
[Black "Edwards, Zachary"]
[Result "1-0"]
[WhiteElo "1210"]
[BlackElo "1075"]
[PlyCount "91"]
[EventDate "2020.05.21"]
[WhiteTeam "Muswell Hill Rookies B"]
[BlackTeam "Surrey Kings 1"]

1. e4 e5 2. Nf3 d6 3. d4 Be7 4. dxe5 dxe5 5. Qxd8+ Kxd8 6. Nxe5 Ke8 7. Nc3 Bf6
8. Bf4 Bxe5 9. Bxe5 Nh6 10. Bxg7 Rg8 11. Bxh6 Rg6 12. Nd5 Rxh6 13. Nxc7+ Kd8
14. Nxa8 Ra6 15. O-O-O+ Ke7 16. Bxa6 Ke6 17. Bxb7 Bxb7 18. Nc7+ Kf6 19. Ne8+
Ke7 20. Rd2 Kxe8 21. Rhd1 Ke7 22. f4 Kf6 23. e5+ Kf5 24. g4+ Kxf4 25. Re2 Kxg4
26. Rf1 Kh5 27. e6 fxe6 28. Rxe6 Kg4 29. Re7 Bg2 30. Rg1 Kh3 31. Rxh7+ Kg4 32.
Rxg2+ Kf3 33. Rxa7 Kxg2 34. Rg7+ Kxh2 35. a4 Kh1 36. Kd1 Nc6 37. Ke1 Kh2 38.
Kf2 Kh3 39. Kf3 Kh4 40. Kf4 Kh5 41. a5 Nxa5 42. b4 Nc6 43. Kf5 Kh6 44. Rg1 Nxb4
45. Kf6 Nxc2 46. Rh1# 1-0

[Event "Junior Online 4NCL Division 5"]
[Site "online"]
[Date "2020.05.21"]
[Round "6.132"]
[White "Gardner, Oliver"]
[Black "Vera, Louis"]
[Result "0-1"]
[WhiteElo "1075"]
[BlackElo "1112"]
[PlyCount "78"]
[EventDate "2020.05.21"]
[WhiteTeam "Surrey Kings 1"]
[BlackTeam "Muswell Hill Rookies B"]

1. e4 c6 2. d4 d5 3. Bf4 dxe4 4. Bc4 Qb6 5. Qh5 g6 6. Bxf7+ Kxf7 7. Qe2 Qxd4 8.
c3 Qd8 9. Nd2 Ke8 10. Nxe4 Be6 11. Ng5 Bd5 12. Qe3 Bxg2 13. N1f3 Bxh1 14. Kf1
Bxf3 15. Qxf3 Nf6 16. Rd1 Qxd1+ 17. Qxd1 h6 18. Nf3 g5 19. Bc7 Na6 20. Ba5 b6
21. Bb4 c5 22. Ba3 Rd8 23. Qe1 g4 24. Ne5 Rg8 25. Nc6 Rd6 26. Ne5 Re6 27. f3
Rg5 28. Nd3 Rxe1+ 29. Nxe1 gxf3 30. Nxf3 Rf5 31. b4 Ng4 32. Ke2 cxb4 33. Bb2
bxc3 34. Bxc3 e5 35. Nh4 Rf2+ 36. Ke1 Bb4 37. Bd2 Bxd2+ 38. Kd1 Rxh2 39. Nf3
Ne3# 0-1

[Event "Junior Online 4NCL Division 5"]
[Site "online"]
[Date "2020.05.28"]
[Round "7.11"]
[White "Tang, Lewis"]
[Black "Liu, Wenle"]
[Result "1-0"]
[WhiteElo "1465"]
[BlackElo "1069"]
[PlyCount "79"]
[EventDate "2020.05.28"]
[WhiteTeam "Liverpool 2"]
[BlackTeam "St Benildus 1"]

1. d4 Nf6 2. Bf4 d5 3. Nf3 c5 4. e3 cxd4 5. exd4 Nc6 6. c3 e6 7. Bd3 Be7 8. O-O
O-O 9. Nbd2 Re8 10. Re1 Bd6 11. Bxd6 Qxd6 12. Ne5 Bd7 13. f4 Qc7 14. Ndf3 Nxe5
15. Nxe5 Bc6 16. Qc2 g6 17. g4 Nd7 18. g5 Nxe5 19. fxe5 a5 20. Rf1 b5 21. Rf6
Rf8 22. h4 Rab8 23. Qh2 Rfc8 24. h5 Be8 25. hxg6 fxg6 26. Raf1 Qg7 27. Rxe6 Bf7
28. Ref6 Be8 29. Re1 b4 30. e6 bxc3 31. bxc3 h5 32. e7 Bf7 33. Qe5 Re8 34. Bc2
Rb7 35. Ba4 Rbxe7 36. Qxe7 Rxe7 37. Rxe7 Qf8 38. Rfxf7 Qb8 39. Re8+ Qxe8 40.
Bxe8 1-0